|
|
|
|
| LEADER |
00000nab#a22000007a#4500 |
| 001 |
arbauad041457 |
| 003 |
AR-BaUAD |
| 005 |
20250711113236.0 |
| 008 |
991112|||||||||###||||||b###|0###a|spa|| |
| 040 |
|
|
|a AR-BaUAD
|c AR-BaUAD
|b spa
|
| 245 |
1 |
0 |
|a Creative showcase
|b German Art Directors Club
|
| 300 |
0 |
|
|b fot.
|
| 653 |
|
|
|a DISEÑO GRAFICO
|
| 653 |
|
|
|a ALEMANIA
|
| 653 |
|
|
|a PUBLICIDAD
|
| 653 |
|
|
|a ART DIRECTORS CLUB
|
| 653 |
|
|
|a AFICHES
|
| 653 |
|
|
|a AVISOS
|
| 653 |
|
|
|a CAMPAÑAS PUBLICITARIAS
|
| 653 |
|
|
|a TAPAS DE REVISTAS
|
| 653 |
|
|
|a FOTOGRAFIAS
|
| 773 |
0 |
|
|t GRAPHIS
|g Nº322 [jul.-ago. 1999], p. 146-153
|
| 942 |
|
|
|c ARTI
|
| 952 |
|
|
|0 0
|1 0
|4 0
|7 0
|9 86376
|a AR-BAuAD
|b AR-BAuAD
|d 2025-07-11
|l 0
|p AAQA041457
|r 2025-07-11 11:32:36
|w 2025-07-11
|y ARTI
|
| 990 |
|
|
|a DG199
|b TD
|
| 998 |
|
|
|a AAQ
|b BIBUN76
|
| 999 |
|
|
|c 66049
|d 66049
|